000
00250nam a2200097Ia 4500
008
220204s9999 xx 000 0 und d
082
_a
541.2
_b
LAR
245
0
_a
Large amplitude motion in molecules. 1
260
_a
New York
_b
Springer
_c
1979
942
_c
BK
999
_c
34545
_d
34545